000 00679nam a2200277Ia 4500
005 20260320195904.0
008 008 262003s9999 xx 000 0 hin d
020 _a9788126715008
037 _aEBOOK
040 _aCRL
040 _bhin
040 _cCRL
041 _2hin
041 _ahin
084 _qCRL
100 _aमनोहर श्याम जोशी
_91132901
245 0 _aपटकथा लेखन: एक परिचय
250 _a9th
260 _bRajkamal
260 _c2000
300 _a183
856 _uhttps://ebook.indiaread.in/pdfs/9788126715008.pdf
942 _cEBOOK
999 _c1717026
_d1717026